| 000 | 00416nam a22001577a 4500 | ||
|---|---|---|---|
| 999 |
_c11079 _d11079 |
||
| 003 | OSt | ||
| 008 | 220208b ||||| |||| 00| 0 eng d | ||
| 082 | _a547 BHT | ||
| 100 | _aBHAT,Iswar K | ||
| 245 | _aText book of Pharmaceutical Organic Chemistry - I | ||
| 250 | _a1st | ||
| 260 |
_aNew Delhi _bPoging Publication _c2020 |
||
| 300 | _apg232 | ||
| 650 | _aPharmaceutical Inorganic chemistry | ||
| 942 |
_2ddc _cBK _037 |
||